| 000 | 00624nam a22002057a 4500 | ||
|---|---|---|---|
| 003 | 0 | ||
| 005 | 20160609170040.0 | ||
| 008 | 101118t xxu||||| |||| 00| 0 eng d | ||
| 040 |
_aBUAC _cBEPAC |
||
| 100 |
_aDessemedo , J.Jacques _911021 |
||
| 130 |
_lfr _911022 |
||
| 245 | _aSyphilis au sein de la population estudiantine: Cas du campus d'Abomey- Calavi | ||
| 260 |
_aEPAC-UAC _bEPAC-UAC _c2006-2007 |
||
| 300 | _aIX-55p. | ||
| 650 |
_aSYPHILIS _bPOPULATION _911023 |
||
| 650 |
_aTREPONEMATOSE _bTREPONEMA PALLIDUM _911024 |
||
| 650 |
_aIMMUNITE _bSEROLOGIE _911025 |
||
| 700 |
_aZogo , M. Barnabas _911026 |
||
| 942 | _cTHE | ||
| 999 |
_c48230 _d48230 |
||